000 00387nam a2200133Ia 4500
008 151001s9999||||xx |||||||||||||| ||und||
100 _aशर्मा कुमार पाटील
245 _aविभिन्न सूक्ष्म जीव
250 _a1
260 _bशिवालिक बुक्स
260 _c2008
300 _a96
365 _b21
999 _c995322
_d995319